Corales pétreos del género Solenastrea (<Scleractinia: Faviidae>) en la región de Santa Marta (<caribe colombiano>) (Registro nro. 11644)

Detalles MARC
000 -CABECERA
Campo de control 007380000a22002050004500
090 ## - CLASIFICACIÓN LOCAL
Colección AR
Consecutivo 02580
041 0# - IDIOMA
Código de idioma para texto/pista de sonido o título separado
100 1# - ASIENTO PRINCIPAL--NOMBRE PERSONAL
Nombre personal Acero P., Arturo
245 10 - MENCION DE TITULO
Título Corales pétreos del género Solenastrea (<Scleractinia: Faviidae>) en la región de Santa Marta (<caribe colombiano>)
650 14 - ASIENTO SECUNDARIO DE MATERIA - TERMINO TEMATICO
Término temático o nombre geográfico como elemento de entrada Ecosistemas marinos
650 14 - ASIENTO SECUNDARIO DE MATERIA - TERMINO TEMATICO
Término temático o nombre geográfico como elemento de entrada Morfometría
650 14 - ASIENTO SECUNDARIO DE MATERIA - TERMINO TEMATICO
Término temático o nombre geográfico como elemento de entrada Endemismo
651 #4 - ASIENTO SECUNDARIO DE MATERIA - NOMBRE GEOGRAFICO
-- Santa Marta
-- Magdalena
-- Colombia
653 ## - TERMINO DE INDIZACION - NO CONTROLADO
-- Solenastrea
-- Solenastrea bournoni
653 ## - TERMINO DE INDIZACION - NO CONTROLADO
-- Solenastrea
-- Solenastrea hyades
700 1# - ASIENTO SECUNDARIO - NOMBRE PERSONAL
Nombre personal Flórez González, Lilián
700 1# - ASIENTO SECUNDARIO - NOMBRE PERSONAL
Nombre personal Alberto Acosta, Luis
773 1# - Item fuente:
Título Revista de Biología Tropical
Especificación de materiales 129
Descripción física 2A
Paginas del Articulo 175-181
Lugar, editorial y fecha de publicación 1990
Información sobre la relación 38
942 ## - ELEMENTOS ADICIONALES (KOHA)
Tipo de ítem Artículo
Existencias
Withdrawn status Lost status Damaged status No para préstamo Colección Ubicación Permanente Ubicación actual Fecha de adquisición Fuente de Valor Datos de publicación Seriada Total Checkouts Número topográfico Inventario / Código de Barras Date last seen Ejemplar Price effective from Forma de adquisición Tipo de material
      No para Préstamo Hemeroteca Bogotá Bogotá 27/02/2015 Sánchez, Enrique Fuera de circulación   AR 02580 012995 25/03/2015 1 25/03/2015   Artículo